00639nam a22001817a 4500008004100000020001500041020001500056020001800071020001800089050002200107100001800129245008800147260004400235300003600279504005000315650004400365650004800409240904b |||||||| |||| 00| 0 eng d a0852554702 a0821414763 a9780852554708 a9780821414767 aHV5646b.W55 2002 aWillis Justin aPotent Brews:bA Social History Of Alcohol In East Africa 1850-1999/cJustin Willis aDar es salaam :bmkuki na nyota,c2002. axi, 304p. :bill., map ;c23cm. aincludes bibliographical references and index aDrinking of alcoholic beverageszAfrica aAlcoholic Beveragesxsocial aspectszAfrica